Geography Quiz

Random Geography or City Quiz

Odd One Out: Cities Quiz Stats

 Plays Quiz Updated Jan 28, 2018

Score 0/20 Timer 08:00
2 Plays Today
Set of Cities Odd One One (A, B, C or D) % Correct
Was an Olympic host city
A) Atlanta B) Helsinki C) Chicago D) Sydney
???
75.6%
Is a sea port
A) Hamburg B) Brasília C) Rotterdam D) Shenzhen
???
62.1%
In one the the Thirteen Colonies
A) Atlanta B) Boston C) Cleveland D) Pittsburgh
???
61.8%
City in India
A) Agra B) Karachi C) Lucknow D) Pune
???
55%
On the Mississippi river
A) New Orleans B) St. Louis C) Jackson D) Minneapolis
???
49.1%
1 of the 3 South African capitals
A) Johannesburg B) Bloemfontein C) Cape Town D) Pretoria
???
48%
(Former) Hanseatic city
A) Gdansk B) Lübeck C) Oslo D) Riga
???
47.2%
Within 50 km of the Great Lakes
A) Detroit B) Ottawa C) Rochester D) Toronto
???
47%
City in Argentina
A) Mendoza B) Buenos Aires C) Salta D) Trujillo
???
45.1%
In a former British colony
A) Abidjan B) Belmopan C) Perth D) Dar es Salaam
???
44.2%
Set of Cities Odd One One (A, B, C or D) % Correct
Daylight saving time is used
A) Christchurch B) Guadalajara C) Malmö D) Phoenix
???
43.9%
Larger than its national capital
A) Milan B) Lagos C) Lahore D) Melbourne
???
43.8%
Same starting letter as its country
A) Cali B) Isfahan C) Jinan D) Rostov-on-Don
???
43.6%
Is a city name in multiple countries
A) Hyderabad B) Brest C) Tokyo D) St. Petersburg
???
42.6%
City in Nigeria
A) Abuja B) Douala C) Lagos D) Port Harcourt
???
38.4%
French is the main language
A) Algiers B) Geneva C) Liège D) Montreal
???
38.2%
Used to be the world's largest city
A) London B) Rome C) New York D) Paris
???
37.9%
Above 2000 meters
A) Addis Ababa B) Mexico City C) Sucre D) Zurich
???
37.5%
Directly on a national border
A) Almaty B) Basel C) Ciudad Juárez D) Rome
???
33.6%
Former capitals of China
A) Shanghai B) Nanjing C) Luoyang D) Chang'an
???
28.7%

You're not logged in!

Compare scores with friends on all Sporcle quizzes.
OR
Log In

You Might Also Like...

Show Comments

Extras

Top Quizzes Today


Score Distribution

Your Account Isn't Verified!

In order to create a playlist on Sporcle, you need to verify the email address you used during registration. Go to your Sporcle Settings to finish the process.

Report this User

Report this user for behavior that violates our Community Guidelines.

Details: